| 000 | 00372nam a2200133 a 4500 | ||
|---|---|---|---|
| 001 | 5490 | ||
| 003 | CDMR | ||
| 005 | 20150707125452.0 | ||
| 008 | 130130s1992||||||||||||||||||||||||||||d | ||
| 040 |
_aCDMR _bcat _cCPC GIRONA |
||
| 245 | 0 |
_aPublicidad en TV _b“La Tele vende II” Años 1957 al 1975 |
|
| 260 |
_c1992 _bCámara de Comercio e Industria de Madrid |
||
| 942 |
_cMON _2udc |
||
| 999 |
_c5490 _d5490 |
||